Úvod do ekonomiky organizací zahraničního obchodu

Salvato in:
Dettagli Bibliografici
Autore principale: Černohlávková, Eva
Ente Autore: Vysoká škola ekonomická v Praze. Obchodní fakulta
Natura: Libro
Lingua:ceco
Pubblicazione: Praha Státní pedagogické nakladatelství 1985
Tags: Aggiungi Tag
Nessun Tag, puoi essere il primo ad aggiungerne!!

MARC

LEADER 00000nam a2200000 4500
001 c108835
005 20190408123718.4
041 0 |a cze 
044 |a CZ 
245 1 0 |a Úvod do ekonomiky organizací zahraničního obchodu  |c Eva Černohlávková a kol. 
264 1 |a Praha  |b Státní pedagogické nakladatelství  |c 1985 
300 |a 110 s. 
100 1 |a Černohlávková, Eva 
710 2 |a Vysoká škola ekonomická v Praze. Obchodní fakulta